Complétez les slogans de pubs - Statistiques

Statistiques générales
  • Ce quiz a été pris 733 fois
  • Le résultat moyen est 10 sur 17
Statistiques - réponses
Marque Slogan Réponse % Correct
McDonald's Venez comme... vous êtes
91%
Haribo C'est beau la vie pour les grands et... les petits
90%
Gillette La perfection au... masculin
90%
Intermarché Tous unis contre la... vie chère
88%
Lidl Le vrai prix des... bonnes choses
87%
Nike Just... do it
87%
Nespresso What... else
75%
L'Oréal Parce que nous le... valons bien
73%
Decathlon A fond... la forme
60%
Carrefour On a tous droit au... meilleur
58%
TikTok Une fenêtre sur... le monde
42%
Mars Un Mars et... ça repart
39%
Aldi Palce au nouveau... consommateur
38%
Intersport Le sport, la meilleure... des rencontres
20%
Lipton Ice Tea Du soleil à... partager
18%
Kia Movement that... inspires
10%
Costa Live your... wonders
1%
Aucun quiz correspondant
Distribution des résultats
% des personnes avec chaque résultat
Percentile par nombre de réponses
Votre historique - résultats
Vous n’avez pas pris ce quiz